000 00507nam a2200181 a 4500
001 000039452
003 DO-SdBNP
005 20220128085655.0
007 ta
008 130628s1991 dr ac 000 0 spa d
040 _aDO-SdBNP
_bspa
_cBNPHU
100 1 _aFerreras, Ramón Alberto
_965655
245 1 0 _aGuerra patria :
_bSanto Domingo /
_cRamón Alberto Ferreras.
250 _a3a ed.
260 _aSanto Domingo :
_bDel Nordeste,
_c1991.
300 _a575 p. :
_bils., retrs. ;
_c21 cm.
942 _2ddc
_cLBS1
999 _c38942
_d38942